Geometric transformations (Record no. 2631)

MARC details
000 -LEADER
fixed length control field 00597nam a2200205Ia 4500
003 - CONTROL NUMBER IDENTIFIER
control field IN-BaIIA
008 - FIXED-LENGTH DATA ELEMENTS--GENERAL INFORMATION
fixed length control field 211028s9999 xx 000 0 eng d
040 ## - CATALOGING SOURCE
Transcribing agency IIA Library
080 ## - UNIVERSAL DECIMAL CLASSIFICATION NUMBER
Universal Decimal Classification number 515.125
Item number MOD-1
100 ## - MAIN ENTRY--PERSONAL NAME
Personal name Modenov, P. S
9 (RLIN) 4681
245 #0 - TITLE STATEMENT
Title Geometric transformations
Remainder of title vol. 1, euclidean and affine
Statement of responsibility, etc. P S Modenov
260 ## - PUBLICATION, DISTRIBUTION, ETC.
Place of publication, distribution, etc. New York
Name of publisher, distributor, etc. Academic Press
Date of publication, distribution, etc. 1965
300 ## - PHYSICAL DESCRIPTION
Extent x, 160p.
490 ## - SERIES STATEMENT
Series statement Academic Paperbacks
650 ## - SUBJECT ADDED ENTRY--TOPICAL TERM
Topical term or geographic name entry element Affine transformation
9 (RLIN) 4682
650 ## - SUBJECT ADDED ENTRY--TOPICAL TERM
Topical term or geographic name entry element Euclidean transformations
9 (RLIN) 4683
650 ## - SUBJECT ADDED ENTRY--TOPICAL TERM
Topical term or geographic name entry element Topology
9 (RLIN) 4373
700 ## - ADDED ENTRY--PERSONAL NAME
Personal name Parkhomenko, A.S.
9 (RLIN) 4684
942 ## - ADDED ENTRY ELEMENTS (KOHA)
Koha item type Books
Holdings
Withdrawn status Lost status Damaged status Not for loan Home library Current library Shelving location Date acquired Cost, normal purchase price Total Checkouts Full call number Barcode Date last seen Cost, replacement price Price effective from Koha item type Purchase Price
        IIA Library-Bangalore IIA Library-Bangalore General Stacks 30/03/1966 11.03   515.125/ MOD-1 2936 05/11/2021 11.03 30/03/1966 Books Rs. 11.03

Powered by Koha